000 00645nam a2200265Ia 4500
005 20260121165425.0
008 008 260114s9999 xx 000 0 eng d
020 _a9781484225172
037 _aEBOOK
040 _aCRL
040 _beng
040 _cCRL
041 _2eng
041 _aeng
084 _qCRL
100 _aSloan Kelly
_91051537
245 0 _aPython, PyGame and Raspberry Pi Game Development
260 _bSpringer
260 _bSpringer
260 _c2016
856 _uhttps://link.springer.com/openurl?genre=book&isbn=978-1-4842-2517-2
942 _cEBOOK
999 _c1617262
_d1617262